Burdens of proof in civil litigation : an economic perspective /

Saved in:
Bibliographic Details
Main Author: Hay, Bruce L.
Corporate Author: Harvard Law School. Program in Law and Economics.
Other Authors: Spier, Kathryn E.
Format: Book
Language:English
Published: Cambridge, MA : Harvard Law School, [1996]
Series:Discussion paper (John M. Olin Center for Law, Economics, and Business) ; no. 177.
Subjects:
Tags: Add Tag
No Tags, Be the first to tag this record!
LEADER 01029nam a22003017a 4500
001 007732479-X
005 20020606104010.5
008 980311s1996 mau b 000|0 eng d
035 0 |a ocm38093846 
040 |a MH-L  |c MH-L 
043 |a n-us--- 
050 1 4 |a KF209  |b .D57 no. 177 
100 1 |a Hay, Bruce L. 
245 1 0 |a Burdens of proof in civil litigation :  |b an economic perspective /  |c Bruce L. Hay, Kathryn E. Spier. 
260 |a Cambridge, MA :  |b Harvard Law School,  |c [1996] 
300 |a 30 p. ;  |c 29 cm. 
490 1 |a Discussion paper,  |x 1045-6333 ;  |v no. 177 
500 |a "1/96." 
504 |a Includes bibliographical references (page 31). 
650 0 |a Burden of proof. 
650 0 |a Costs (Law) 
650 0 |a Burden of proof  |z United States. 
650 0 |a Evidence (Law)  |z United States. 
700 1 |a Spier, Kathryn E. 
710 2 |a Harvard Law School.  |b Program in Law and Economics. 
830 0 |a Discussion paper (John M. Olin Center for Law, Economics, and Business) ;  |v no. 177. 
988 |a 20020608 
906 |0 MH